C.P. Snow /

Bibliographic Details
Main Author: Shusterman, David
Format: Book
Language:English
Published: Boston : Twayne Publishers, [1991]
Edition:Rev. ed.
Series:Twayne's English authors series ; TEAS 179.
Subjects:

MARC

Tag First Indicator Second Indicator Subfields
LEADER 00000cam a22000008a 4500
001 in00001025310
005 20150928121240.0
008 910204s1991 mau b 001 0 eng
010 |a  91009280  
020 |a 0805769935 
035 |a (OCoLC)23178500 
035 |9 AFF9502AM 
040 |a DLC  |c DLC  |d PNX  |d TXA  |d UtOrBLW 
049 |a TXAM 
050 0 0 |a PR6037.N58  |b Z87 1991 
082 0 0 |a 823/.912  |2 20 
100 1 |a Shusterman, David. 
245 1 0 |a C.P. Snow /  |c David Shusterman. 
250 |a Rev. ed. 
263 |a 9107 
264 1 |a Boston :  |b Twayne Publishers,  |c [1991] 
264 4 |c ©1991 
300 |a xiv, 192 pages :  |b portrait ;  |c 23 cm. 
336 |a text  |b txt  |2 rdacontent 
337 |a unmediated  |b n  |2 rdamedia 
338 |a volume  |b nc  |2 rdacarrier 
490 1 |a Twayne's English authors series ;  |v TEAS 179 
504 |a Includes bibliographical references and index. 
600 1 0 |a Snow, C. P.  |q (Charles Percy),  |d 1905-1980  |x Criticism and interpretation. 
740 0 |a CP Snow. 
830 0 |a Twayne's English authors series ;  |v TEAS 179. 
999 |a MARS 
999 f f |s e13e1c5b-f541-3195-8297-8f63a482d97e  |i d3172bc7-688c-3462-bb21-66ea1935b21f  |t 0 
952 f f |p ric  |a Texas A&M University  |b Rellis Campus  |c Joint Library Facility  |d Remote Storage  |t 0  |e PR6037.N58 Z87 1991  |h Library of Congress classification  |i unmediated -- volume  |m A14815257431 
998 f f |a PR6037.N58 Z87 1991  |t 0  |l Remote Storage